O jakie państwo chodzi? #1 Europa - Statystyki

Ogólne statystyki
  • Ten quiz został rozwiązany 181 razy
  • Średni wynik to 13 z 15
Statystyki odpowiedzi
Hint Odpowiedź % Poprawnych
Jej stolicą jest Madryt. Hiszpania
97%
Cristiano Ronaldo Portugalia
97%
Pizza tam jest. Włochy
97%
W tym państwie znajduje się centrum kultury i nauki. Polska
94%
W jakim państwie zrobiono lego? Dania
92%
Małe państwo położone obok Francji i Hiszpani. Andora
91%
Jeździ się po prawej stronie. Wielka Brytania
88%
Graniczy z Belgią, Niemcami i Francją. Luksemburg
85%
Kojarzona z wiatrakami, rowerami i tulipanami. Holandia
83%
Na tym państwie jest dużo wulkanów. Islandia
81%
Neutralne państwo. Szwajcaria
80%
Małe państwo graniczące z Włochami i Francją. Monako
79%
Leży pod Włochami. Malta
76%
Północna, ale nie tak całkiem na północy. Macedonia
75%
Jakie państwo założyło Skype? Estonia
45%
Nie znaleziono quizów pasujących do podanych kryteriów
Rozkład punktacji
Procent ludzi z każdym wynikiem
Percentyl według liczby udzielonych odpowiedzi
Twoja historia wyników
Nie rozwiązałeś tego quizu